000 00839nam a2200241 i 4500
001 181337
003 ES-MaACL
005 20250911062855.0
008 121210s2011 sp | |||||||| |dspa d
020 _a978-84-9895-789-1
080 _a821.134.2-94"19"
080 _a929 Ory, Carlos Edmundo de
100 0 _aOry, Carlos Edmundo de,
_d1923-2010
_987706
245 1 3 _aLa memoria amorosa /
_cCarlos Edmundo de Ory ; prólogo de Jesús Fernández Palacios.
260 _aMadrid :
_bVisor Libros,
_cD.L. 2011.
300 _a119 p. ;
_c20 cm.
490 1 _aColección Visor de poesía ;
_vv. 789
700 1 _aFernández Palacios, Jesús.
_949980
830 0 _aColección Visor de poesía
_vv. 789
_9177331
852 _aES-MaACL
_jA-12383
_9188221
_bR.148347
_cDEPO1
_dOlim: N-5388
942 _2udc
_cMONOGRAFIA
999 _c181337
_d181337